[Event "Fouesnant op 15th"]
[Site "Fouesnant"]
[Date "2009.10.29"]
[Round "7"]
[White "Le Menn, Gaetan"]
[Black "Roussel, Stephane"]
[Result "0-1"]
[WhiteElo "1270"]
[BlackElo "1478"]
[PlyCount "118"]
[EventDate "2009.10.26"]
[EventType "swiss"]
[EventRounds "9"]
[EventCountry "FRA"]
[SourceTitle "EXT 2010"]
[Source "ChessBase"]
[SourceDate "2010.11.25"]
[SourceVersion "1"]
[SourceVersionDate "2010.11.25"]
[SourceQuality "1"]

1. e4 e5 2. Nf3 Nf6 3. Nc3 Bb4 4. Nxe5 d6 5. Nf3 Bxc3 6. dxc3 0-0 7. Bg5 h6 8. Bxf6 Qxf6 9. h3 Be6 10. Bb5 a6 11. Bd3 Nc6 12. 0-0 Qg6 13. Kh1 Qf6 14. Kg1 Rad8 15. Qe2 Rfe8 16. Rad1 Bxa2 17. Ra1 Bd5 18. Qd2 Bxe4 19. Bxe4 Rxe4 20. Ra3 Rde8 21. Rb3 b6 22. Ra3 Ne5 23. Nxe5 Qxe5 24. Raa1 a5 25. Rab1 Qf6 26. Ra1 Qg6 27. Qd5 R8e5 28. Qd2 Rg5 29. g3 h5 30. Ra4 Rb5 31. b3 Rbe5 32. Rc4 Re7 33. Ra4 Qe6 34. Raa1 Qxh3 35. b4 h4 36. bxa5 bxa5 37. Qd3 Rg4 38. Ra4 hxg3 39. fxg3 Rxg3+ 40. Qxg3 Qxg3+ 41. Kh1 Re1 42. Rxe1 Qxe1+ 43. Kg2 Qxc3 44. Re4 Qxc2+ 45. Kf3 Qxe4+ 46. Kxe4 a4 47. Kd5 g5 48. Kc6 a3 49. Kxc7 g4 50. Kxd6 g3 51. Ke5 g2 52. Kf4 g1Q 53. Ke4 Qd1 54. Ke5 a2 55. Ke4 a1Q 56. Kf5 Qe2 57. Kf4 Qd4+ 58. Kg5 Qg1+ 59. Kh4 Qeh2# 0-1

[Event "Fouesnant op 15th"]
[Site "Fouesnant"]
[Date "2009.10.25"]
[Round "2"]
[White "Berthou, Patrick"]
[Black "Le Menn, Gaetan"]
[Result "1-0"]
[WhiteElo "1600"]
[BlackElo "1270"]
[PlyCount "25"]
[EventDate "2009.10.26"]
[EventType "swiss"]
[EventRounds "9"]
[EventCountry "FRA"]
[SourceTitle "EXT 2010"]
[Source "ChessBase"]
[SourceDate "2010.11.25"]
[SourceVersion "1"]
[SourceVersionDate "2010.11.25"]
[SourceQuality "1"]

1. e4 e5 2. Nf3 Nc6 3. Bc4 Nf6 4. Ng5 Bd6 5. Nxf7 Qe7 6. Nxh8 Nxe4 7. Qh5+ Kd8 8. Nf7+ Ke8 9. Nxd6+ Kf8 10. Nxe4 Nd4 11. Qxh7 Nxc2+ 12. Kd1 Nd4 13. Qg8# 1-0